Paroles : Les Rois mages - Sheila - Statistiques

Statistiques générales
  • Ce quiz a été pris 169 fois
  • Le résultat moyen est 187 sur 243
Statistiques - réponses
Paroles % Correct
ma
100%
Rois
100%
l'
99%
le
99%
les
99%
mages,
99%
s'
99%
c'
96%
d'
96%
Galilée,
96%
Comme
95%
comme
95%
en
95%
et
95%
Berger,
94%
Berger !
94%
du
94%
à
93%
Étoile
93%
de
91%
j'
90%
des
89%
89%
89%
un
87%
tu
84%
une
84%
yeux
84%
iras,
83%
je
83%
irai,
82%
irai
82%
jusqu'
81%
suivaient
81%
ombre
79%
destination.
77%
fidèle
76%
te
76%
suivrai.
75%
ses
74%
au
69%
est
67%
avec
65%
ont
64%
qu'
64%
trois
63%
Christophe
62%
Colomb
62%
soleil
62%
caravelles
60%
ciel
60%
mon
60%
suivi
60%
que
56%
ce
55%
obstination !
53%
dans
50%
mes
50%
toi.
50%
ne
46%
nous
44%
monde
43%
bleu,
40%
ouvre
39%
vivre
39%
lumière
38%
fenêtres,
36%
Plaise
35%
cosmique,
34%
étang
34%
aventureux !
33%
bord
33%
vérité
33%
biblique,
32%
Amérique,
31%
matin,
31%
rien
31%
confiants
29%
Son
28%
arrête
23%
chemin !
23%
nuages,
23%
mien.
21%
ouvrent
21%
voyage,
21%
éclaircie
16%
triomphe
16%
terme
14%
dévoile
11%
soit
11%
Aucun quiz correspondant
Distribution des résultats
% des personnes avec chaque résultat
Percentile par nombre de réponses
Votre historique - résultats
Vous n’avez pas pris ce quiz